000
00270nam a2200097Ia 4500
008
220204s9999 xx 000 0 und d
082
_a
66(035)
_b
HAN
245
0
_a
Handbook and directory of industry. 1975-76
260
_a
Bombay
_b
Girijakumar and Agarwal
_c
1976
942
_c
BK
999
_c
25156
_d
25156